Процедуры и методы экологического аудита; Проблемы геологии и освоения недр; Т. 3

Detaylı Bibliyografya
Parent link:Проблемы геологии и освоения недр: труды X Международного симпозиума имени академика М. А. Усова студентов и молодых ученых, посвященного 100-летию первого выпуска сибирских инженеров и 110-летию основания ТПУ; г. Томск, 3-8 апреля 2006 г./ Томский политехнический университет (ТПУ); Институт геологии и нефтегазового дела; под ред. В. А. Домаренко.— , 2007
Т. 3.— 2007.— С. 128-130
Yazar: Малькова П. С.
Diğer Yazarlar: Извеков В. Н. (научный руководитель)
Dil:Rusça
Baskı/Yayın Bilgisi: 2007
Konular:
Materyal Türü: Kitap Bölümü
KOHA link:https://koha.lib.tpu.ru/cgi-bin/koha/opac-detail.pl?biblionumber=127969

MARC

LEADER 00000naa2a2200000 4500
001 127969
005 20231031132450.0
035 |a (RuTPU)RU\TPU\book\138422 
090 |a 127969 
100 |a 20071221d2007 k y0rusy50 ca 
101 0 |a rus 
102 |a RU 
200 1 |a Процедуры и методы экологического аудита  |f П. С. Малькова  |g науч. рук. В. Н. Извеков 
320 |a Библиогр.: 5 назв. 
461 0 |0 (RuTPU)RU\TPU\book\132777  |t Проблемы геологии и освоения недр  |o труды X Международного симпозиума имени академика М. А. Усова студентов и молодых ученых, посвященного 100-летию первого выпуска сибирских инженеров и 110-летию основания ТПУ; г. Томск, 3-8 апреля 2006 г.  |f Томский политехнический университет (ТПУ); Институт геологии и нефтегазового дела; под ред. В. А. Домаренко  |d 2007 
463 0 |0 (RuTPU)RU\TPU\book\93778  |t Т. 3  |v С. 128-130  |d 2007  |p 244 с. 
610 1 |a экологический аудит 
610 1 |a предприятие 
610 1 |a управление 
610 1 |a руководители 
610 1 |a труды учёных ТПУ 
700 1 |a Малькова  |b П. С. 
702 1 |a Извеков  |b В. Н.  |4 727 
801 1 |a RU  |b 63413507  |c 20071221  |g PSBO 
801 2 |a RU  |b 63413507  |c 20100416  |g RCR 
942 |c BK